Statistiques concernant Rap français à 100M+ de vues sur YouTube

Cliquez ici pour prendre le quiz!

Statistiques générales

  • Ce quiz a été pris 897 fois
  • Le résultat moyen est 20 sur 54

Statistiques - réponses

Nombre de vuesRappeurTitre% Correct
143MMHD ft. WizKidBella
83%
182MPNLAu DD
81%
454MLartiste ft. Awa ImaniChocolat
81%
326MNiskaRéseaux
81%
273MKalash ft. DamsoMwaka Moon
73%
158MPNLDA
66%
148MValdDésaccordé
63%
149MRim'K ft. NinhoAir Max
62%
298ML'AlgérinoVa Bene
60%
268MJulTchikita
59%
251MMHDAFRO TRAP Part.7 (La Puissance)
54%
158MGradur ft. Heuss l'enfoiréNe reviens pas
52%
122MNekfeuOn Verra
51%
106MDamsoMacarena
50%
103MGambiPOPOPOP
49%
106MKoba LaD ft. NiskaRR 9.1
49%
294MSoolkingGuérilla
47%
312MJulBande Organisée
46%
122MMaes ft. BoobaMadrina
46%
377MLartiste ft. CaroliinaMafiosa
46%
648ML'AlgérinoLes Menottes (Tching Tchang Tchong)
41%
505MMaître GimsSapés comme jamais
41%
117MKaarisTchoin
40%
260MMaître GimsJ'me tire
39%
175MNiskaSalé
39%
116MPNLNaha
37%
130MSexion d'AssautMa direction
35%
122MGambiHE OH
34%
129MPNLA l'Ammoniaque
33%
125MPNLLe monde ou rien
32%
124MMHDAFRO TRAP Part.3 (Champions League)
31%
130MNinhoMamacita
31%
138MSexion d'AssautAvant qu'elle parte
30%
176MSopranoCosmo
30%
109MSchFusil
30%
225MSoolking ft. DadjuMelegim
30%
215MSoprano ft. VincenzoLe Coach
28%
141MMaître GimsZombie
26%
134MAlonzoPapa allo
25%
262MSoolkingDalida
23%
109MAlonzoBinta
21%
118MKaarisDiarabi
21%
144MJulMa Jolie
20%
121MMHDA KELE NTA
17%
118MLacrimA.W.A
17%
146MNaps ft. SoolkingFavela
16%
102MMHD ft. DadjuBébé
15%
278MSoolking ft. Ouled El BahdjaLiberté
15%
241MSoolkingMilano
13%
103MSopranoFresh Prince
10%
134MLartisteCatchu
6%
155ML'Algérino dt. SoolkingAdios
5%
135ML'AlgérinoBanderas
1%
115ML'AlgérinoSi Tu Savais (A Yema)
1%

Distribution des résultats

Percentile par nombre de réponses

% des personnes avec chaque résultat

Votre développement - résultats

Vous n’avez pas pris ce quiz